| 000 | 00000nam##2200000za#4500 |
| 001 | 9.697821 |
| 003 | CaOODSP |
| 005 | 20210624235642 |
| 007 | cr ||||||||||| |
| 008 | 150407|1973||||xxc|||||o f|0| 0 eng|d |
| 040 | |aCaOODSP|beng |
| 043 | |an-cn--- |
| 086 | 1 |aA53-1490/1973E-PDF |
| 110 | 1 |aCanada.|bAgriculture Canada.|bResearch Branch. |
| 245 | 10|aFoam for frost protection of crops / |h[electronic resource]|c[by] David Siminovitch, Bernard Rheaume, Lloyd H. Lyall, and James Butler. |
| 260 | |aOttawa - Ontario : |bAgriculture Canada. |c1972 (1973 printing). |
| 300 | |a28p.|bgraphs, references, photographs |
| 500 | |aHistorical publication digitized by Agriculture and Agri-Food Canada. |
| 590 | |a13-17-Supp|b2013-07-25 |
| 690 | 07|aAgriculture|2gcpds |
| 690 | 07|aCrops|2gcpds |
| 690 | 07|aFarming|2gcpds |
| 775 | 08|tMousse antigel en horticulture / |w(CaOODSP)9.642183 |
| 856 | 40|ahttp://publications.gc.ca|qPDF|s2.66 MB|uhttps://publications.gc.ca/collections/collection_2013/aac-aafc/agrhist/A53-1490-1973-eng.pdf |
| 986 | |a1490 |